000
00277nam a2200121Ia 4500
008
190216s9999||||xx |||||||||||||| ||und||
100
_a
Batton Bose
245
0
_a
Lillippoovinu Chuvappu Nizhal
260
_b
Dc Books Kottayam
300
_a
335
650
_a
Novel
942
_c
BK
999
_c
27327
_d
27327